RESEAUX, N.043 (SETTEMBRE/OTTOBRE 1990) (Record n. 190981)

Dettagli MARC
000 -LEADER
fixed length control field 00918nas a2200253Ia 4500
001 - CONTROL NUMBER
control field R142/77669
003 - CONTROL NUMBER IDENTIFIER
control field IT-RoPAU
008 - FIXED-LENGTH DATA ELEMENTS--GENERAL INFORMATION
fixed length control field 151124c99999999xx |||||||||||| ||und||
040 ## - CATALOGING SOURCE
Original cataloging agency IT-RoPAU
040 ## - CATALOGING SOURCE
Transcribing agency IT-RoPAU
041 ## - LANGUAGE CODE
Language code of text/sound track or separate title FRANCESE
100 ## - MAIN ENTRY--PERSONAL NAME
Personal name Du Castel Francois
Miscellaneous information Codice Aut. SPICS: 37314
210 ## - ABBREVIATED TITLE
Abbreviated title RESEAUX
222 ## - KEY TITLE
Key title Reseaux
245 ## - TITLE STATEMENT
Title RESEAUX, N.043 (SETTEMBRE/OTTOBRE 1990)
Remainder of title Libre Opinion - Technique Et Ethique: Autopsie D'Un Reseau De Communication
250 ## - EDITION STATEMENT
Edition statement 1a ed.
260 ## - PUBLICATION, DISTRIBUTION, ETC. (IMPRINT)
Place of publication, distribution, etc. PARIS
Name of publisher, distributor, etc. CNET
Date of publication, distribution, etc. 1990
300 ## - PHYSICAL DESCRIPTION
Extent 7 p. [127-133]
362 ## - DATES OF PUBLICATION AND/OR SEQUENTIAL DESIGNATION
Dates of publication and/or sequential designation N.043 (SETTEMBRE/OTTOBRE 1990)
501 ## - WITH NOTE
-- Paulus - SPICS - Società San Paolo EM (non-commercial uses only)
-- Copyright2015
500 ## - GENERAL NOTE
General note Libera Opinione: Tecnica ed Etica: Autopsia di una Rete di Comunicazione. Rete e Forze Produttive. Rete e Rapporti Sociali.
650 ## - SUBJECT ADDED ENTRY--TOPICAL TERM
Topical term or geographic name as entry element COMUNICAZIONE
Form subdivision PUBBLICAZIONE PERIODICA
942 ## - ADDED ENTRY ELEMENTS (KOHA)
Koha item type RIVISTA
Dati di copia
Withdrawn status Lost status Damaged status Not for loan Home library Current library Date acquired Total Checkouts Full call number Date last seen Price effective from Koha item type Public note
    Buone Condizioni Not For Loan SPICS-MEDIATECA SPICS-MEDIATECA 25/11/2015   R142/77669 25/11/2015 25/11/2015 RIVISTA Progr. Ins: 61122 / Copia rara: NO / date import: 25.11.2015 / By Epidotti, Trombetti, Vaglietti
CREDITS: SOCIETA' SAN PAOLO Via A.Severo, 58 - ROMA (RM) & PERIODICI SAN PAOLO SRL Via Giotto, 36 MILANO & CISF Via Giotto, 36 MILANO & EDIZIONI SAN PAOLO SRL,  Piazza Soncino, 5 CINISELLO BALSAMO (MI) -- ITALY